Gaming Quiz

Random Gaming or Video Games Quiz

Video Games by Save Point Quiz Stats

Quiz Updated May 31, 2015

Challenge
Share
Tweet
Score 0/16 Timer 06:00
2 Plays Today
% Correct
Metal Gear Solid
77.9%
Castlevania: Symphony of the Night
69.9%
Resident Evil
63.6%
Donkey Kong Country
60%
Paper Mario
59.4%
Super Smash Bros. Brawl
56.4%
Animal Crossing
56.1%
The Legend of Zelda: Majora's Mask
51.3%
% Correct
EarthBound
50.5%
Super Metroid
45.7%
Left 4 Dead
45.3%
Spyro the Dragon
43%
Grand Theft Auto III
42.7%
Tomb Raider
31.2%
Chrono Trigger
28.3%
Final Fantasy VII
23.8%

You're not logged in!

Compare scores with friends on all Sporcle quizzes.
Sign Up with Email
OR
Log In

You Might Also Like...

Show Comments

Extras

Top Quizzes Today


Score Distribution

Your Account Isn't Verified!

In order to create a playlist on Sporcle, you need to verify the email address you used during registration. Go to your Sporcle Settings to finish the process.